El maravilloso libro de los cuentos chinos /

Guardado en:
Autor Principal: Boetto, Aldo; adap.
Otros Autores: Alvarez Schurmann, Sabina; il.
Formato: Libro
Publicado: Buenos Aires : Atlántida, 2013
Materias:
Etiquetas: Agregar Etiqueta
Sin Etiquetas, Sea el primero en etiquetar este registro!
LEADER 00889nam a22002535a 4500
001 CEM.cems015552
005 20191212164243.0
008 130507s2013##################000#0#####d
003 CEMS
020 |a 9789500841764 
082 0 4 |a A868.4 
100 1 |a Boetto, Aldo; adap. 
245 1 0 |a El maravilloso libro de los cuentos chinos /  |c Adaptado Por Aldo Boetto ; ilustrado Por Sabina Alvarez Schurmann 
260 |a Buenos Aires :  |b Atlántida,  |c 2013 
300 |a 64 p. 
505 0 |a El hombre que perdió su tiempo -- La leyenda del té -- Mu-Lan, la heroína 
653 |a Literatura 
653 |a Literatura argentina 
653 |a Literatura infantil 
653 |a Cuentos infantiles 
653 |a Colección ciencias de la educación 
653 |a Literatura china 
700 1 |a Alvarez Schurmann, Sabina; il. 
859 |a CEMS  |b BIB. CEMS - Ccias. Educacion  |h A868.4  |i B336-1  |k CE  |p 28976.19  |t Ej.1